Costa, sierra y montaña (Registro nro. 251)

Detalles MARC
000 -Cabecera
Campo de control interno 00555nam a2200205Ia 4500
005 - Fecha y hora del registro
control field 20251205092109.0
008 - Elementos de Longitud Fija
fixed length control field 251203t1947||||xx |||||||||||||| ||spa||
041 ## - Idioma
Codigo Idioma ESP
082 ## - DEWEY y NOTACIÓN INTERNA
Dewey 918.5
Notación Interna M64
100 ## - AUTOR
Autor denominación Miró Quesada Sosa, Aurelio,
Títulos y otras palabras asociadas con el nombre AUT
245 #0 - TÍTULO DE MATERIAL BIBLIOGRÁFICO
Título Costa, sierra y montaña
250 ## - EDICIÓN
Edición Segunda edición aumentada
260 ## - CIUDAD, EDITORIAL, AÑO
Ciudad Lima :
Nombre de la Editorial Editorial Cultura Antártica,
Año 1947
300 ## - DESCRIPCIÓN
N° Páginas 430 páginas :
Otros detalles
Dimensiones 24 cm.
650 ## - TEMAS
Temas Geografía
653 ## - DESCRIPTORES
Lenguajes no controlado Perú - Descripciones y viajes
654 ## - PROGRAMAS
Programa Todos los programas
942 ## - ELEMENTOS DE KOHA
Tipo de documento Libro
Nombre del creador Justo Noguera
Código de catalogador Margarita Torres
Esquema de clasificación Dewey Decimal Classification
Existencias
Codigo completo Registro Colección Copia número Disponibilidad Tipo de préstamo Biblioteca Actual Procedencia (Biblioteca) Ubicacón Fecha Ingreso Tipo de Adquisición Date last seen Total checkouts Price effective from Tipo de Item Estado del Material Fuente de Clasificación Damaged status Withdrawn status
918.5 M64 1085124 Colección Vera Bejar 1   Restringido Víctor Andrés Belaunde Víctor Andrés Belaunde Planta baja cerrada 03/12/2025 Donación 03/12/2025   03/12/2025 Libro Regular Dewey Decimal Classification   Withdrawn